Statistics for Infamous Nazis

Click here to take the quiz!

General Stats

  • This quiz has been taken 133 times
  • The average score is 9 of 15

Answer Stats

DescriptionNazi% Correct
Dictator of Nazi GermanyAdolf Hitler
100%
Nazi Propaganda MinisterJoseph Goebbels
91%
Leader of the SS (Schutzstaffel) and one of the main architects of the HolocaustHeinrich Himmler
87%
Longtime companion of Hitler who became his wife shortly before their joint suicide in 1945Eva Braun
80%
A military commander known as the "Desert Fox", he commanded Germany's North African campaign and their defences against the Allied invasion of Normandy (D-Day)Erwin Rommel
76%
Head of the Luftwaffe and Hitler's successor for most of the warHermann Göring
76%
Elected German President who appointed Hitler as chancellor of the nationPaul von Hindenburg
63%
German industrialist who saved 1200 Jews from death at Auschwitz by employing them in his factories and bribing Nazi officialsOskar Schindler
62%
Nazi diplomat that signed a deal with the Soviet Union agreeing to non-aggression and the partitioning of Poland between the two nationsJoachim von Ribbentrop
59%
Holocaust organiser who orchestrated the deportation of millions of Jews to extermination campsAdolf Eichmann
55%
Nazi admiral who succeeded Hitler for a few days until the fall of Nazi GermanyKarl Dönitz
55%
Nazi officer executed for his July 20, 1944 plot to kill Hitler by placing a briefcase with a bomb next to him in a meeting; the briefcase was inadvertently moved and Hitler was saved by a sturdy table legClaus von Stauffenberg
39%
Nazi rocket scientist who was brought to the US in order to advance America's missile and space programs; he later led the development of the rocket that took man to the moon in the Apollo 11 missionWernher von Braun
34%
SS officer who ordered the massacre of US prisoners of war at Malmedy; he was later killed by ex-French resistance fighters in 1976Joachim von Peiper
9%
Leader of Einsatzgruppe D, a mobile killing unit responsible for the mass murder of 90,000 Soviet civiliansOtto Ohlendorf
3%

Score Distribution

Percentile by Number Answered

Percent of People with Each Score

Your Score History

You have not taken this quiz